| 000 | 01095nam a22002897i 4500 | ||
|---|---|---|---|
| 003 | EG-ScBUE | ||
| 005 | 20221127142021.0 | ||
| 008 | 220731s1998 ua f 000 m ara d | ||
| 017 | _a98 / 16511 | ||
| 040 |
_aEG-ScBUE _bara _erda _cEG-ScBUE _dEG-ScBUE |
||
| 043 | _af-ua--- | ||
| 082 | 0 | 4 |
_222 _a892.7080962 _bم ع ز |
| 245 | 0 | 0 |
_aمعزوفات سماوية : _bإبداعات أدباء الدقهلية. |
| 264 | 1 |
_a[القاهرة] : _bالهيئة العامة لقصور الثقافة، _c1998. |
|
| 300 |
_a224 صفحة ؛ _c24 سم. |
||
| 336 |
_2rdacontent _aنص _btxt |
||
| 337 |
_2rdamedia _aبدون وسيط _bn |
||
| 338 |
_2rdacarrier _aمجلد _bnc |
||
| 490 | 0 |
_aكتاب الأدباء ؛ _v22 |
|
| 500 | _aعدد خاص بمناسبة انعقاد مؤتمر أدباء الأقاليم. | ||
| 541 | _aBook from store. | ||
| 650 | 7 |
_aالأدباء العرب _zمصر _vتراجم. _2BUEsh |
|
| 650 | 7 |
_aالأدب العربي _xمجموعات _zمصر. _2BUEsh |
|
| 653 |
_bARALIT _cNovember2022 |
||
| 655 | _vReading book | ||
| 942 | _2ddc | ||
| 999 |
_c30049 _d30020 |
||